L'adolescent de dix a seize ans
Saved in:
| Main Authors: | , , |
|---|---|
| Format: | Bog |
| Sprog: | fransk |
| Udgivet: |
París
Universitaires de France
1970
|
| Udgivelse: | 3a. ed |
| Serier: | Bibliothèque Scientifique Internationale
|
| Fag: | |
| Tags: |
Tilføj Tag
Ingen Tags, Vær først til at tagge denne postø!
|
MARC
| LEADER | 00000nam a2200000 a 4500 | ||
|---|---|---|---|
| 001 | UCZ6461 | ||
| 003 | CL-VaPUC | ||
| 008 | 951211e19700000FR |||||||||||||||||fre|d | ||
| 082 | 0 | 4 | |a 155.5 |b GES |2 21 |
| 100 | |a Gesell, Arnold Lucius |e author |9 488199 | ||
| 700 | 0 | |a Ilg, Frances L |e author |9 350769 | |
| 700 | 0 | |a Bates-Ames, Louise |e author |9 350770 | |
| 245 | 1 | 2 | |a L'adolescent de dix a seize ans |
| 250 | |a 3a. ed | ||
| 300 | |a 567 p | ||
| 942 | |c BK | ||
| 945 | |d 19951211 00:00:00 |a cmena | ||
| 260 | |a París |b Universitaires de France |c 1970 | ||
| 650 | 0 | |a Psicología del adolescente |9 307864 | |
| 650 | 0 | |a Adolescencia |9 307361 | |
| 650 | 0 | |a Aspectos psicológicos |9 258128 | |
| 650 | 7 | |a MADUREZ |2 CL-VaPUC |9 309002 | |
| 650 | 0 | |a Aspectos morales |9 256217 | |
| 650 | 0 | |a Emociones |9 265224 | |
| 583 | |a last modification |c 19951211 00:00:00 |k Rodrigo Vera | ||
| 490 | 0 | |a Bibliothèque Scientifique Internationale | |
| 999 | |c 242661 |d 242659 | ||
| 952 | |0 0 |1 0 |4 0 |6 155_500000000000000_GES_1970 |7 0 |8 P |9 255752 |a BIBEDU |b BIBEDU |c BIBEDU_PB |d 2019-11-19 |i 1603361 |o 155.5 GES 1970 |p 1603361 |r 2024-01-25 |w 2019-11-19 |y BK |k EDU | ||
| 952 | |0 0 |1 0 |4 0 |6 155_500000000000000_GES_1970 |7 0 |8 P |9 255753 |a BIBEDU |b BIBEDU |c BIBEDU_PB |d 2019-11-19 |i 1603264 |o 155.5 GES 1970 |p 1603264 |r 2024-01-25 |w 2019-11-19 |y BK |k EDU | ||